S takým záujmom sa nerátalo

Od januára 2022 Slovensko prešlo na zálohovanie plastových fliaš a plechoviek. Analýzy ukázali mimoriadny pozitívny ohlas u spotrebiteľov. Ľudia prijali zálohovanie v podstate okamžite, preto aj počet vrátených obalov je oveľa vyšší, ako obchodníci predpokladali. Problémy spojené s logistikou a nedo...

Descrizione completa

Salvato in:
Dettagli Bibliografici
Autore principale: Alenová, Gabriela
Natura: Capitolo di libro
Lingua:slovacco
Soggetti:
Tags: Aggiungi Tag
Nessun Tag, puoi essere il primo ad aggiungerne!!

MARC

LEADER 00000naa a2200000 4500
001 0286688
005 20240417075209.9
041 0 |a slo 
044 |a SK 
245 1 0 |a S takým záujmom sa nerátalo  |c Gabriela Alenová 
520 |a Od januára 2022 Slovensko prešlo na zálohovanie plastových fliaš a plechoviek. Analýzy ukázali mimoriadny pozitívny ohlas u spotrebiteľov. Ľudia prijali zálohovanie v podstate okamžite, preto aj počet vrátených obalov je oveľa vyšší, ako obchodníci predpokladali. Problémy spojené s logistikou a nedostatkom odberných miest v niektorých častiach krajiny sa riešia postupne. 
610 2 0 |a systémy zálohové 
610 2 0 |a recyklácia odpadu 
610 2 0 |a plasty 
610 2 0 |a spracovanie odpadu 
610 2 0 |a logistika 
100 1 |a Alenová, Gabriela